000 00715nam a22001937a 4500
999 _c8436
_d8436
003 AR-CdUCM
008 190325b ||||| |||| 00| 0 spa d
040 _aMUNICIPALIDAD PROVINCIAL DEL CUSCO
_cBIBLIOTECA MUNICIPAL DEL CUSCO
082 _a343.8 /
_bB22
100 _aBerrio B. V.
_923677
245 _aNueva ley reestructuración patrimonial /
260 _aLima :
_bBerrio,
_c2000.
300 _a108 páginas ;
_c21 cm.
505 _aNormas generales -- Reconocimiento de créditos y junta de acreedores -- Reestructuración patrimonial de empresas -- Disolución y liquidación de empresas ...
650 _aNormas legales
_923678
650 _aLey de patrimonio
_923679
942 _2ddc
_cLIBROS
945 _aacv